La era de la ideología: el pensamiento político desde 1750 hasta nuestros días

Guardat en:
Dades bibliogràfiques
Autors principals: Kramnick, Isaac (Autor), Watkins, Frederick M (Autor)
Format: Llibre
Idioma:espanyol
Publicat: Buenos Aires Eudeba 1981
Matèries:
Etiquetes: Afegir etiqueta
Sense etiquetes, Sigues el primer a etiquetar aquest registre!

MARC

LEADER 00000nam a2200000 a 4500
001 UCO7641
003 CL-VaPUC
008 001117e19810000AG |||||||||||||||||spa|d
082 0 4 |a 320.5  |b KRA  |2 21 
100 0 |a Kramnick, Isaac  |e author  |9 452250 
700 0 |a Watkins, Frederick M  |e author  |9 452251 
245 1 3 |a La era de la ideología: el pensamiento político desde 1750 hasta nuestros días 
300 |a 133 p 
942 |c BK 
945 |d 20001117 00:00:00  |a crobeson 
260 |a Buenos Aires  |b Eudeba  |c 1981 
650 0 |a Ideologías políticas   |9 255735 
650 7 |a FILOSOFIA POLITICA  |2 CL-VaPUC  |9 452252 
650 0 |a Liberalismo  |9 255715 
650 0 |a Revolución francesa  |9 324244 
650 7 |a REVOLUCION NORTEAMERICANA  |2 CL-VaPUC  |9 434723 
650 0 |a Consevadurismo  |9 377220 
650 7 |a NACIONALISMO  |2 CL-VaPUC  |9 452253 
650 0 |a Socialismo  |9 255260 
650 7 |a SOCIALDEMOCRACIA  |2 CL-VaPUC  |9 449515 
650 0 |a Comunismo  |9 255588 
650 0 |a Fascismo  |9 255687 
583 |a last modification  |c 20160913 04:22:30  |k Rodrigo Vera 
999 |c 292527  |d 292525 
952 |0 0  |1 0  |4 0  |6 320_500000000000000_KRA_1981  |7 0  |8 A  |9 343448  |a BIBHIS  |b BIBHIS  |d 2019-11-20  |i 1229206  |o 320.5 KRA 1981  |p 1229206  |r 2025-01-20  |w 2019-11-20  |y BK  |k HIS